000 00466nam a22001697a 4500
005 20241104123226.0
008 241104b |||||||| |||| 00| 0 eng d
020 _a9781119660552
082 _a005.5
_bWIT-M
100 _aWithee, Rosemarie
245 _aMicrosoft Teams For Dummies /
_cRosemarie Withee
260 _aUSA:
_bMcGraw-Hill;
_c2020.
300 _axxiv,290 p. :
_bill;
_c24 cm.
500 _ainclude index.
650 _aMicrosoft Office
999 _c36749
_d36749